000 00950cam a2200157 4500500
005 20251228061935.0
041 _afre
042 _adc
100 1 0 _aHeilbrunn, Benoît
_eauthor
245 0 0 _aFrapper sans heurter. Quelle éthique pour la publicité ?, Jean-Pierre TEYSSIER. Paris, Armand Colin, 2004
260 _c2005.
500 _a12
520 _a« Nous jurons fidélité au pingouin, et au régime des propriétés intellectuelles dont il est l’emblême. Une nation, sous Linux, avec de la musique libre et des sources ouvertes donnant accés aux logiciels pour tous. Bienvenue au Brésil ! » Gilberto Gill, en tant que Ministre de la Culture du Brésil (et vedette internationale de la musique pop) a signé ce serment de fidélité.
786 0 _nDécisions Marketing | 37 | 1 | 2005-01-01 | p. 91e-94e | 0779-7389
856 4 1 _uhttps://shs.cairn.info/revue-decisions-marketing-2005-1-page-91e?lang=fr&redirect-ssocas=7080
999 _c1587982
_d1587982